000
00282nam a22001217a 4500
008
260327b ||||| |||| 00| 0 eng d
041
_a
Shqip
080
_a
181.1
100
_a
25
101
_a
Ngjarje
245
_a
Kush e Prish Paqen në Ballkan
_c
Sami Frashëri
942
_2
udc
_c
BK
999
_c
60944
_d
60944